[Event "ROM-ch U10"]
[Site "Calimanesti Caciulata"]
[Date "2019.04.17"]
[Round "3"]
[White "Axente, Ioan Lucian"]
[Black "Radu, Teodor"]
[Result "0-1"]
[WhiteElo "1032"]
[BlackElo "1336"]
[PlyCount "96"]
[EventDate "2019.04.15"]
[EventType "swiss"]
[EventRounds "9"]
[EventCountry "ROU"]
[SourceTitle "CBM 190 Extra"]
[Source "ChessBase"]
[SourceDate "2019.07.15"]
[SourceVersion "1"]
[SourceVersionDate "2019.07.15"]
[SourceQuality "1"]

1. d4 d5 2. c4 e6 3. Nc3 Nf6 4. Bf4 Nbd7 5. Nb5 Bb4+ 6. Nc3 b6 7. e3 Bb7 8. Nf3 Ne4 9. Qc2 Bxc3+ 10. bxc3 Nef6 11. Bd3 0-0 12. 0-0 dxc4 13. Bxc4 Bxf3 14. gxf3 Nh5 15. Bg3 c5 16. Rac1 Qf6 17. Bd3 h6 18. Rcd1 cxd4 19. cxd4 Rfc8 20. Qb1 Qe7 21. Rfe1 Nhf6 22. Ba6 Rc3 23. Rc1 Rxc1 24. Rxc1 Nd5 25. Qb3 N7f6 26. a3 Nh5 27. Bd3 Nxg3 28. hxg3 Qb7 29. Qc2 Qe7 30. Qa2 g6 31. Ra1 Rc8 32. Qb2 Rc3 33. Be4 Qc7 34. Qb1 Nf6 35. Bd3 Nd5 36. Kg2 e5 37. Qb5 exd4 38. exd4 Nf6 39. Rh1 Kg7 40. a4 Qd6 41. Qa6 Qxd4 42. Bb5 Rc2 43. Rf1 Nd5 44. Be2 Qd2 45. Qb5 Ne3+ 46. Kg1 Nxf1 47. Bxf1 Qxf2+ 48. Kh1 Qh2# 0-1